| 000 | 01863nam a2200241Ia 4500 | ||
|---|---|---|---|
| 999 |
_c53666 _d53666 |
||
| 001 | 20713 | ||
| 003 | GE_BSU | ||
| 005 | 20210329160002.0 | ||
| 008 | 181216s2017||||ge |||||||||||||| ||geo|| | ||
| 040 | _cGE_BSU | ||
| 041 | _ageo | ||
| 080 | _a51 ბ-19 | ||
| 100 |
_aბაკურიძე, ალექსანდრე _910797 |
||
| 245 |
_a∑1(X,2),∑1(X,3),∑4(X,8) კლასის ნახევარმესერებით განსაზღვრული ბინარულ მიმართებათა სრული ნახევარჯგუფები / _bალექსანდრე ბაკურიძე; სამეცნ. ხელმძღვანელი პროფესორი იაშა დიასამიძე; ბათუმის შოთა რუსთაველის სახელმწიფო უნ-ტი, მათემატიკის დეპარტამენტი. |
||
| 264 |
_aბათუმი. _bბათუმის შოთა რუსთაველის სახელმწ. უნ-ტი, _c2017. |
||
| 300 |
_a198 გვ; _b30 სმ. |
||
| 653 | _a∑1(X,2),∑1(X,3),∑4(X,8) კლასის ნახევარმესერებით განსაზღვრული ბინარულ მიმართებათა სრული ნახევარჯგუფები | ||
| 653 | _aდისერტაცია | ||
| 653 | _aმათემატიკა | ||
| 700 |
_aდიასამიძე, იაშა _eსამეცნ. ხელმძღვანელი _94093 |
||
| 710 |
_aბათუმის შოთა რუსთაველის სახელმწიფო უნ-ტი; _bმათემატიკის დეპარტამენტი _910798 |
||
| 942 |
_cBK _2udc |
||